<?xml version="1.0" encoding="UTF-8"?>
<record
    xmlns:xsi="http://www.w3.org/2001/XMLSchema-instance"
    xsi:schemaLocation="http://www.loc.gov/MARC21/slim http://www.loc.gov/standards/marcxml/schema/MARC21slim.xsd"
    xmlns="http://www.loc.gov/MARC21/slim">

  <leader>01809nem0a2200349   4500</leader>
  <controlfield tag="001">RU\NLR\cart\8825</controlfield>
  <controlfield tag="005">20250614031350.0</controlfield>
  <datafield tag="035" ind1=" " ind2=" ">
    <subfield code="a">(NLR Aleph) 010296398</subfield>
  </datafield>
  <datafield tag="090" ind1=" " ind2=" ">
    <subfield code="a">10572595</subfield>
    <subfield code="c">10572595</subfield>
  </datafield>
  <datafield tag="100" ind1=" " ind2=" ">
    <subfield code="a">20131002d1929    |||y0rusy50      ca</subfield>
  </datafield>
  <datafield tag="101" ind1="0" ind2=" ">
    <subfield code="a">rus</subfield>
  </datafield>
  <datafield tag="102" ind1=" " ind2=" ">
    <subfield code="a">RU</subfield>
  </datafield>
  <datafield tag="120" ind1=" " ind2=" ">
    <subfield code="a">byy xx||</subfield>
  </datafield>
  <datafield tag="123" ind1="1" ind2=" ">
    <subfield code="a">a</subfield>
    <subfield code="b">16 000 000</subfield>
  </datafield>
  <datafield tag="135" ind1=" " ind2=" ">
    <subfield code="a">crcn 024anaba</subfield>
  </datafield>
  <datafield tag="200" ind1="1" ind2=" ">
    <subfield code="a">&#x41F;&#x43E;&#x447;&#x432;&#x435;&#x43D;&#x43D;&#x430;&#x44F; &#x43A;&#x430;&#x440;&#x442;&#x430; &#x410;&#x437;&#x438;&#x430;&#x442;&#x441;&#x43A;&#x43E;&#x439; &#x447;&#x430;&#x441;&#x442;&#x438; &#x421;&#x421;&#x421;&#x420;</subfield>
    <subfield code="b">&#x41A;&#x430;&#x440;&#x442;&#x44B;</subfield>
    <subfield code="f">&#x418;&#x441;&#x43F;. &#x41A;&#x430;&#x440;&#x442;&#x43E;&#x433;&#x440;. &#x41E;&#x442;&#x434;&#x435;&#x43B;&#x43E;&#x43C; &#x413;&#x43B;. &#x413;&#x435;&#x43E;&#x434;&#x435;&#x437;. &#x41A;&#x43E;&#x43C;. &#x412;&#x421;&#x41D;&#x425;-&#x421;&#x421;&#x421;&#x420; &#x432;1929 &#x433;.</subfield>
    <subfield code="g">&#x421;&#x43E;&#x441;&#x442;. &#x41B;.&#x418;. &#x41F;&#x440;&#x430;&#x441;&#x43E;&#x43B;&#x43E;&#x432; &#x43F;&#x43E; &#x43C;&#x430;&#x442;&#x435;&#x440;&#x438;&#x430;&#x43B;&#x430;&#x43C; &#x41F;&#x43E;&#x447;&#x432;. &#x418;&#x43D;-&#x442;&#x430; &#x438;&#x43C;. &#x414;&#x43E;&#x43A;&#x443;&#x447;&#x430;&#x435;&#x432;&#x430; &#x412;&#x441;&#x435;&#x441;&#x43E;&#x44E;&#x437;. &#x410;&#x43A;&#x430;&#x434;. &#x41D;&#x430;&#x443;&#x43A; &#x438; &#x434;&#x430;&#x43D;&#x43D;&#x44B;&#x43C; &#x438;&#x441;&#x441;&#x43B;&#x435;&#x434;. &#x43F;&#x43E;&#x447;&#x432;&#x43E;&#x432;&#x435;&#x434;&#x43E;&#x432; &#x421;&#x421;&#x421;&#x420;</subfield>
  </datafield>
  <datafield tag="206" ind1=" " ind2=" ">
    <subfield code="a">1:16 000 000, 160 &#x43A;&#x43C; &#x432; 1 &#x441;&#x43C;</subfield>
  </datafield>
  <datafield tag="210" ind1=" " ind2=" ">
    <subfield code="a">&#x41B;&#x435;&#x43D;&#x438;&#x43D;&#x433;&#x440;&#x430;&#x434;</subfield>
    <subfield code="c">&#x41E;&#x442;&#x434;&#x435;&#x43B; &#x413;&#x43B;. &#x413;&#x435;&#x43E;&#x434;&#x435;&#x437;&#x438;&#x447;. &#x41A;&#x43E;&#x43C;. &#x412;&#x421;&#x41D;&#x425;-&#x421;&#x421;&#x421;&#x420;</subfield>
    <subfield code="d">1929</subfield>
  </datafield>
  <datafield tag="215" ind1=" " ind2=" ">
    <subfield code="a">1 &#x43A;.</subfield>
    <subfield code="c">&#x446;&#x432;.</subfield>
    <subfield code="d">46&#x445;59,5 &#x441;&#x43C;</subfield>
  </datafield>
  <datafield tag="300" ind1=" " ind2=" ">
    <subfield code="a">&#x412; &#x43D;&#x430;&#x434;&#x437;&#x430;&#x433;.: &#x41E;&#x442;&#x434;. &#x43E;&#x442;&#x442;&#x438;&#x441;&#x43A; &#x438;&#x437; &#x430;&#x442;&#x43B;&#x430;&#x441; &#x43F;&#x440;&#x43E;&#x43C;-&#x441;&#x442;&#x438; &#x412;&#x421;&#x41D;&#x425; &#x421;&#x421;&#x421;&#x420;, &#x438;&#x437;&#x434;. &#x413;&#x43B;. &#x433;&#x435;&#x43E;&#x434;&#x435;&#x437;. &#x41A;&#x43E;&#x43C;.</subfield>
  </datafield>
  <datafield tag="325" ind1="1" ind2=" ">
    <subfield code="a">&#x41A;&#x43E;&#x43F;&#x438;&#x44F; &#x434;&#x43E;&#x441;&#x442;&#x443;&#x43F;&#x43D;&#x430; &#x432; &#x44D;&#x43B;&#x435;&#x43A;&#x442;&#x440;&#x43E;&#x43D;&#x43D;&#x43E;&#x439; &#x431;&#x438;&#x431;&#x43B;&#x438;&#x43E;&#x442;&#x435;&#x43A;&#x435; &#x420;&#x41D;&#x411;</subfield>
  </datafield>
  <datafield tag="509" ind1="0" ind2="1">
    <subfield code="7">ca</subfield>
    <subfield code="a">&#x421;&#x421;&#x421;&#x420;. &#x410;&#x437;&#x438;&#x430;&#x442;&#x441;&#x43A;&#x430;&#x44F; &#x447;&#x430;&#x441;&#x442;&#x44C;</subfield>
    <subfield code="9">2635254</subfield>
    <subfield code="3">RU\NLR\auth_crt\552086</subfield>
  </datafield>
  <datafield tag="606" ind1="0" ind2=" ">
    <subfield code="a">&#x41F;&#x43E;&#x447;&#x432;&#x435;&#x43D;&#x43D;&#x44B;&#x435;</subfield>
    <subfield code="9">2177913</subfield>
    <subfield code="3">RU\NLR\auth_crt\6691</subfield>
  </datafield>
  <datafield tag="620" ind1=" " ind2=" ">
    <subfield code="a">&#x421;&#x421;&#x421;&#x420;</subfield>
  </datafield>
  <datafield tag="702" ind1=" " ind2="1">
    <subfield code="a">&#x41F;&#x440;&#x430;&#x441;&#x43E;&#x43B;&#x43E;&#x432;</subfield>
    <subfield code="b">&#x41B;. &#x418;.</subfield>
    <subfield code="4">220</subfield>
  </datafield>
  <datafield tag="801" ind1=" " ind2="0">
    <subfield code="a">RU</subfield>
    <subfield code="b">NLR</subfield>
    <subfield code="c">20131002</subfield>
    <subfield code="g">PSBO</subfield>
  </datafield>
  <datafield tag="852" ind1=" " ind2=" ">
    <subfield code="a">NLR</subfield>
    <subfield code="b">&#x41A;</subfield>
    <subfield code="j">4-&#x421;&#x410;&#x437; 2/18</subfield>
    <subfield code="m">1026, 1027</subfield>
    <subfield code="t">24188</subfield>
  </datafield>
  <datafield tag="901" ind1=" " ind2=" ">
    <subfield code="e">&#x41A;&#x430;&#x440;&#x442;&#x43E;&#x433;&#x440;&#x430;&#x444;&#x438;&#x447;&#x435;&#x441;&#x43A;&#x438;&#x435; &#x43C;&#x430;&#x442;&#x435;&#x440;&#x438;&#x430;&#x43B;&#x44B;</subfield>
  </datafield>
  <datafield tag="942" ind1=" " ind2=" ">
    <subfield code="c">MAP</subfield>
  </datafield>
  <datafield tag="980" ind1=" " ind2=" ">
    <subfield code="a">NB</subfield>
  </datafield>
  <datafield tag="981" ind1="1" ind2="9">
    <subfield code="a">(19) &#x41A;&#x430;&#x440;&#x442;&#x43E;&#x433;&#x440;&#x430;&#x444;&#x438;&#x447;&#x435;&#x441;&#x43A;&#x438;&#x435; &#x43C;&#x430;&#x442;&#x435;&#x440;&#x438;&#x430;&#x43B;&#x44B;</subfield>
  </datafield>
</record>
